000 00388nam a22001697a 4500
003 MPLRDC
005 20220104124349.0
008 210129b ||||| |||| 00| 0 eng d
020 _a962-357-365-0
082 _a910.1 HM
100 _a黄牧
245 _a音乐的享受
_c
260 _a
_b明窗出版社
_c1991
300 _b
650 _a音乐泛论
942 _cBK
_o910.1 HM
999 _c18743
_d18733